Sanat - "Uusia unelmia" - Paula Vesala - Statistics

Yleistilastot
  • Tätä visaa on pelattu 39 kertaa
  • Keskiarvotulos 143 / 177
Vastaustilastot
Vastaus % Oikein
et
100%
100%
unelmii
100%
ja
94%
mut
94%
sun
94%
uit
94%
unelmii
94%
uusimaan
94%
viel
94%
vielä
94%
älä
88%
avaruuteen
88%
beibi
88%
ihme
88%
ihminen
88%
inhoten
88%
Kaikki
88%
kaikki
88%
katso
88%
katsoo
88%
kaunis
88%
kyllä
88%
lennät
88%
88%
mulle
88%
olet
88%
peiliin
88%
sieltä
88%
tuli
88%
ulos
88%
uskalla
88%
ei
82%
enää
82%
jäädään
82%
joita
82%
kiertämään
82%
lähdet
82%
lähe
82%
maata
82%
ne
82%
on
82%
oo
82%
sua
82%
tää
82%
tänään
82%
Tänään
82%
tila
82%
varten
82%
viimeinen
82%
kun
76%
mikään
76%
nyt
76%
pelkäsit
76%
planeetat
76%
vedenpaisumus
76%
niin
71%
paska
71%
Sanot
71%
takana
71%
tapahtuu
71%
toteutui
71%
elämässä
59%
ihmisiin
59%
katastrofit
59%
Miten
59%
siinä
59%
susta
59%
tatamiin
59%
usko
59%
voikaan
59%
hakkelusta
53%
tuhotulva
53%
tyypin
53%
yhen
53%
joku
47%
kävi
47%
klassiset
47%
kuinka
47%
muu
47%
oiskin
47%
kohde
41%
moukaroidaan
41%
nähny
41%
oon
41%
hukku
35%
lisää
35%
vastoinkäymisii
35%
vaihteeks
29%
joko
18%
Ehtoja vastaavia visoja ei löytynyt
Tulosjakauma
Jokaisen tuloksen saaneiden osuus
Persentiili vastausten määrän mukaan
Tuloshistoriasi
Et ole pelannut tätä visaa